The 13 Original British Colonies of the U.S - Statistics

General Stats
  • This quiz has been taken 11 times
  • The average score is 12 of 13
Answer Stats
Colonised Answer % Correct
1664 Delaware
100%
1632 Maryland
100%
1691 Massachusetts
100%
1623 New Hampshire
100%
1664 New York
100%
1663 North Carolina
100%
1636 Rhode Island
100%
1663 South Carolina
100%
1607 Virginia
100%
1636 Connecticut
89%
1732 Georgia
89%
1664 New Jersey
89%
1681 Pennsylvania
78%
No matching quizzes found
Score Distribution
Percent of People with Each Score
Percentile by Number Answered
Your Score History
You have not taken this quiz